000 00292nam a2200109Ia 4500
008 200302s9999 xx 000 0 und d
100 _aAuthor
245 _aColor Harmony A Workbook and Guide to Creative Color Combinations
260 _bRockport Publishers
260 _c2001
300 _a176 P.,
999 _c1954
_d1954